Derecho Marítimo (Record no. 61750)

MARC details
000 -LEADER
campo de control de longitud fija 00651nam a2200193 i 4500
001 - NÚMERO DE CONTROL
campo de control 61750
003 - IDENTIFICADOR DE NÚMERO DE CONTROL
campo de control ES-MaACL
005 - FECHA Y HORA DE LA ÚLTIMA TRANSACCIÓN
campo de control 20250809030823.0
007 - CAMPO FIJO DE DESCRIPCIÓN FÍSICA--INFORMACIÓN GENERAL
campo de control de longitud fija t|
008 - DATOS DE LONGITUD FIJA--INFORMACIÓN GENERAL
campo de control de longitud fija 031113s1934 sp ||||1| spa d
100 1# - ENTRADA PRINCIPAL--NOMBRE DE PERSONA
Nombre de persona Fariña, Francisco.
9 (RLIN) 48864
245 10 - MENCIÓN DEL TÍTULO
Título Derecho Marítimo
Resto del título : principios generales y legislación mercantil administrativa e internacional /
Mención de responsabilidad, etc. por Francisco Fariña y timoteo Olondo.
260 ## - PUBLICACIÓN, DISTRIBUCIÓN, ETC.
Lugar de publicación, distribución, etc. Avila :
Nombre del editor, distribuidor, etc. [s.n.,
Fecha de publicación, distribución, etc. 1934] (
Fabricante Senén Martín Díaz)
300 ## - DESCRIPCIÓN FÍSICA
Extensión VIII, 680 p. ;
Dimensiones 21 cm.
650 07 - PUNTO DE ACCESO ADICIONAL DE MATERIA--TÉRMINO DE MATERIA
Término de materia o nombre geográfico como elemento de entrada Derecho marítimo
Fuente del encabezamiento o término embne
9 (RLIN) 11730
700 1# - ENTRADA AGREGADA--NOMBRE PERSONAL
Nombre de persona Olondo, Timoteo.
9 (RLIN) 87001
852 ## - LOCALIZACIÓN
Ubicación ES-MaACL
Número de control de estantería A-2832
Holdings
Estatus retirado Estado de pérdida Estado de daño No para préstamo Biblioteca de origen Biblioteca actual Ubicación en estantería Fecha de adquisición Fuente de adquisición Total de préstamos Signatura topográfica completa Código de barras Visto por última vez Precio de reemplazo Tipo de ítem Koha
        Biblioteca del Ateneo de Madrid Biblioteca del Ateneo de Madrid Sala Pecera Planta 1 17/01/2008     A-2832 1064747 23/02/2023 23/02/2023 Libro impreso